LEADER 00807nam0-22003131i-450- 001 990003260890403321 005 20001010 035 $a000326089 035 $aFED01000326089 035 $a(Aleph)000326089FED01 035 $a000326089 100 $a20000920d1969----km-y0itay50------ba 101 0 $aita 105 $ay-------001yy 200 1 $aSTATISTICAL ANALYSIS IN GEOGRAPHY 205 $a1 210 $aEnglewood Cliffs$cPrentice-Hall$d1969 215 $app. 288 610 0 $aSezione Statistica 676 $a050.019 700 1$aKing,$bLeslie J.$0129807 801 0$aIT$bUNINA$gRICA$2UNIMARC 901 $aBK 912 $a990003260890403321 952 $a050.019.KIN$b637$fDECGE 959 $aDECGE 996 $aSTATISTICAL ANALYSIS IN GEOGRAPHY$9450885 997 $aUNINA DB $aING01 LEADER 01019cam0-22003371i-450 001 990001467340403321 005 20190520123945.0 010 $a0521-25399-3 035 $a000146734 035 $aFED01000146734 035 $a(Aleph)000146734FED01 035 $a000146734 100 $a20000920d1985----km-y0itay50------ba 101 0 $aeng 102 $aGB 105 $aa---a---001yy 200 1 $aInstrumentation for environmental physiology$fedited by B. Marshall, F.I. Woodward 210 $aCambridge$cCambridge University Press$d1985 215 $aix, 241 p.$cill.$d25 cm 225 1 $aSociety for experimental biology, seminar series$v22 610 0 $aStrumenti$aFisiologia ambientale 676 $a571.49$v23$zita 702 1$aMarshall,$bB. 702 1$aWoodward,$bF. I. 801 0$aIT$bUNINA$gRICA$2UNIMARC 901 $aBK 912 $a990001467340403321 952 $aBSF-571-49-MAR-1$b163$fSC1 959 $aSC1 996 $aInstrumentation for environmental physiology$9378779 997 $aUNINA